El cine redentor de la realidad
Guardat en:
| Autor principal: | |
|---|---|
| Format: | Llibre |
| Idioma: | espanyol |
| Publicat: |
Madrid
Rialp
1957
|
| Col·lecció: | Libros de Cine, 2
|
| Matèries: | |
| Etiquetes: |
Afegir etiqueta
Sense etiquetes, Sigues el primer a etiquetar aquest registre!
|
MARC
| LEADER | 00000nam a2200000 a 4500 | ||
|---|---|---|---|
| 001 | UCQ3250 | ||
| 003 | CL-VaPUC | ||
| 008 | 980817e19570000SP |||||||||||||||||spa|d | ||
| 082 | 0 | 4 | |a 791.43 |b DYV |2 21 |
| 100 | 0 | |a D'Yvoire, Jean |e author |9 417295 | |
| 245 | 1 | 3 | |a El cine redentor de la realidad |
| 300 | |a 140 p | ||
| 942 | |c BK | ||
| 945 | |d 19980817 00:00:00 |a crobeson | ||
| 260 | |a Madrid |b Rialp |c 1957 | ||
| 650 | 0 | |a Cine |9 225706 | |
| 650 | 0 | |a Cinematografía |9 265198 | |
| 650 | 0 | |a Artes escénicas |9 318853 | |
| 583 | |a last modification |c 19980817 00:00:00 |k Rodrigo Vera | ||
| 490 | 0 | |a Libros de Cine, 2 | |
| 999 | |c 273847 |d 273845 | ||
| 952 | |0 0 |1 0 |4 0 |6 791_430000000000000_DYV_1957 |7 0 |8 A |9 309760 |a BIBEDU |b BIBEDU |d 2019-11-20 |i 1454404 |l 1 |o 791.43 DYV 1957 |p 1454404 |r 2023-12-01 |s 2023-11-21 |w 2019-11-20 |y BK |k LIT | ||